Statistics for Prefectures Of Japan

Click here to take the quiz!

General Stats

  • This quiz has been taken 10 times
  • The average score is 42 of 47

Answer Stats

Prefectures% Correct
Akita
100%
Chiba
100%
Fukuoka
100%
Fukushima
100%
Hiroshima
100%
Hokkaidō
100%
Ibaraki
100%
Kyoto
100%
Miyazaki
100%
Nagasaki
100%
Niigata
100%
Okinawa
100%
Osaka
100%
Saitama
100%
Tokyo
100%
Aomori
89%
Fukui
89%
Gifu
89%
Kagoshima
89%
Kanagawa
89%
Kōchi
89%
Kumamoto
89%
Miyagi
89%
Nara
89%
Okayama
89%
Saga
89%
Shizuoka
89%
Tokushima
89%
Toyama
89%
Wakayama
89%
Yamagata
89%
Yamaguchi
89%
Aichi
78%
Ehime
78%
Gunma
78%
Hyōgo
78%
Ishikawa
78%
Iwate
78%
Kagawa
78%
Mie
78%
Nagano
78%
Ōita
78%
Shiga
78%
Shimane
78%
Tochigi
78%
Tottori
78%
Yamanashi
78%

Score Distribution

Percentile by Number Answered

Percent of People with Each Score

Your Score History

You have not taken this quiz